|
|
|
|
| LEADER |
01186nam a22003497a 4500 |
| 001 |
mzk03001031135 |
| 003 |
CZ BrMZK |
| 005 |
20130905132432.0 |
| 007 |
ta |
| 008 |
051109s1564 it fr|||||00| ||itaod |
| 040 |
|
|
|a BOA001
|b cze
|c BOA001
|
| 041 |
1 |
|
|a ita
|h lat
|
| 072 |
|
7 |
|a 094
|x Staré tisky
|2 Konspekt
|9 12
|
| 080 |
|
|
|a (0.068)094
|2 MRF
|
| 100 |
1 |
|
|a Columella,
|d činný 1. století
|7 jn19981000513
|4 aut
|
| 245 |
1 |
0 |
|a De l'agricoltura. Libri XII. Trattato de gli alberi del medesimo, Tradotto nuouamente de Latino in lingua Italiana per Pietro Lauro modonese
|
| 260 |
|
|
|a Venetia :
|b Nicolo Beuliaqua,
|c 1564
|
| 300 |
|
|
|a [6], 263 listů ;
|c 8°
|
| 500 |
|
|
|a Výzdoba: Signet, iniciály
|
| 653 |
|
|
|a stromy - pojednání
|
| 653 |
|
|
|a zemědělství
|
| 655 |
|
7 |
|a staré tisky
|7 fd422076
|2 czenas
|
| 700 |
1 |
|
|a Lauro, Pietro,
|d ca 1510-ca 1568
|4 trl
|
| 903 |
|
|
|a RP
|
| 910 |
|
|
|a BOA001
|b ST1-0667.863
|
| 978 |
|
|
|b Bevilaqua, Niccolo
|a Venezia
|c 1564
|
| 984 |
|
|
|a Benátky
|b Itálie
|
| 985 |
|
|
|a 1551-1600
|
| 990 |
|
|
|a BK
|
| 993 |
|
|
|a Y
|
| 991 |
|
|
|k mzk
|
| 996 |
6 |
|
|b 2619291872
|c ST1-0667.863
|l stud. ST
|r Sklad / do násl. otevíracího dne
|n 0
|w 001031135
|u 000010
|a 1
|e BOA001
|s P
|